Rubber and plantain intercropping: Effects of different planting densities on soil characteristics (Record no. 67435)

MARC details
000 -LEADER
fixed length control field 00835nam a2200313Ia 4500
100 ## - MAIN ENTRY--AUTHOR NAME
Personal name Tetteh E.N
245 #0 - TITLE STATEMENT
Title Rubber and plantain intercropping: Effects of different planting densities on soil characteristics
260 ## - PUBLICATION, DISTRIBUTION, ETC. (IMPRINT)
Name of publisher PLoS ONE
Year of publication 2019
500 ## - GENERAL NOTE
General note Source Year: 2019
650 ## - SUBJECT ADDED ENTRY--TOPICAL TERM
Topical Term Intercropping
650 ## - SUBJECT ADDED ENTRY--TOPICAL TERM
Topical Term Soil characteristics
700 ## - ADDED ENTRY--PERSONAL NAME
Personal name Abunyewa A.A
700 ## - ADDED ENTRY--PERSONAL NAME
Personal name Acheampong P.P
700 ## - ADDED ENTRY--PERSONAL NAME
Personal name Agbenyega O
700 ## - ADDED ENTRY--PERSONAL NAME
Personal name Barnes V.R
700 ## - ADDED ENTRY--PERSONAL NAME
Personal name Berchie J.N
700 ## - ADDED ENTRY--PERSONAL NAME
Personal name Danquah E.O
700 ## - ADDED ENTRY--PERSONAL NAME
Personal name Dawoe E
700 ## - ADDED ENTRY--PERSONAL NAME
Personal name Ennin S.A
700 ## - ADDED ENTRY--PERSONAL NAME
Personal name Logah V
700 ## - ADDED ENTRY--PERSONAL NAME
Personal name Melenya C
700 ## - ADDED ENTRY--PERSONAL NAME
Personal name Nunoo I
700 ## - ADDED ENTRY--PERSONAL NAME
Personal name Partey S.T
700 ## - ADDED ENTRY--PERSONAL NAME
Personal name Tuffour H.O
700 ## - ADDED ENTRY--PERSONAL NAME
Personal name Twum-Ampofor K
856 ## - ELECTRONIC LOCATION AND ACCESS
Uniform Resource Identifier doi.org/10.1371/journal.pone.0209260
942 ## - ADDED ENTRY ELEMENTS (KOHA)
Koha item type Journals
Holdings
Withdrawn status Lost status Damaged status Not for loan Home library Current library Shelving location Date acquired Serial Enumeration / chronology Koha item type
      Journals RRII Library RRII Library Agronomy 17/12/2021 Volume 14, Issue 1 Journals